000 00336nam a2200133Ia 4500
008 240624s9999 xx 000 0 und d
041 _aeng
082 _a658.4012 HAM
100 _aHAMEL GARY
245 _aCOMPETING FOR THE FUTURE
260 _c1994
_aNew Delhi
_bTata McGrawhill
300 _axxi, : 357 : p. : cm. ; 25
365 _cRS
999 _c25405
_d25405